| 000 | 00372nam a2200133Ia 4500 | ||
|---|---|---|---|
| 008 | 240624s9999 xx 000 0 und d | ||
| 041 | _aeng | ||
| 082 | _a658.4092 DEL | ||
| 100 | _aDELONG THOMAS J | ||
| 245 | _aWHEN PROFESSIONALS HAVE TO LEAD A NEW MO | ||
| 260 |
_c2007 _aBoston _bHarvard Business School Press |
||
| 300 | _axix, : 232 : p. : cm. ; 23 | ||
| 365 |
_cRS _b30 |
||
| 999 |
_c14523 _d14523 |
||